00222nam a2200097Ia 4500008004100000041000800041100001300049245003300062650001000095999001900105230605s9999 xx 000 0 und d aeng alilicrap aFood and beverage service(2) aF. B. c416991d416991